kku e-library facility

Prescott's Microbiology (Record no. 176)

MARC details
000 -LEADER
fixed length control field 00471nam a2200145 4500
005 - DATE AND TIME OF LATEST TRANSACTION
control field 20260226120821.0
008 - FIXED-LENGTH DATA ELEMENTS--GENERAL INFORMATION
fixed length control field 260226b |||||||| |||| 00| 0 eng d
020 ## - INTERNATIONAL STANDARD BOOK NUMBER
International Standard Book Number 9780071313674
100 ## - MAIN ENTRY--PERSONAL NAME
Personal name Willey M. Joanne, Sherwood M. Linda, Woolverton J. Christopher
245 ## - TITLE STATEMENT
Title Prescott's Microbiology
Statement of responsibility, etc. /Joanne M. willey
250 ## - EDITION STATEMENT
Edition statement 8th Edition
260 ## - PUBLICATION, DISTRIBUTION, ETC.
Place of publication, distribution, etc. United States of America;
Name of publisher, distributor, etc. McGraw-Hill Company Inc;
Date of publication, distribution, etc. 2011
300 ## - PHYSICAL DESCRIPTION
Extent xviii,1070p.ill;
Dimensions 27.5cm
942 ## - ADDED ENTRY ELEMENTS (KOHA)
Source of classification or shelving scheme Library of Congress Classification
Suppress in OPAC No
Koha item type Books

No items available.

©2025 All rights reserved. KKU